000 00306nam a2200109 4500
999 _c12193
_d12193
008 190118b ||||| |||| 00| 0 eng d
245 _a18 killed in helicopter crash in Russia.
260 _aPhillippines
_bThe Philippine Star
_cc2018
300 _apage B6.
650 0 _934523
_aAccidents.
942 _2ddc
_cPER